书目信息 |
| 题名: |
朗文·外研社新概念英语
|
|
| 作者: | 亚历山大 , 何其莘 编著 | |
| 分册: | 2 | |
| 出版信息: | 北京 外语教学与研究出版社 1997 |
|
| 页数: | 440页 | |
| 开本: | 26cm | |
| 丛书名: | ||
| 单 册: | ||
| 中图分类: | H31 | |
| 科图分类: | ||
| 主题词: | 英语 | |
| 电子资源: | ||
| ISBN: | 7-5600-1347-3 | |
| 000 | 00681nam0 2200217 45 | |
| 001 | 0110310894 | |
| 005 | 20070727110759.01 | |
| 010 | @a7-5600-1347-3@dCNY29.90 | |
| 100 | @a20011031d1997 km y0chiy0120 ea | |
| 101 | 0 | @aeng |
| 200 | 1 | @a朗文·外研社新概念英语@ALang Wen·Wai Yan She Xin Gai Nian Ying Yu@h2@f(英)亚历山大,何其莘编著@F(Ying)Ya Li Shan Da,He Qi Shen Bian Zhu |
| 205 | @a新版 | |
| 210 | @a北京@c外语教学与研究出版社@a香港@c朗文出版亚洲有限公司@d1997 | |
| 215 | @a440页@d26cm | |
| 500 | 10 | @a新概念英语 |
| 606 | 0 | @a英语 |
| 690 | @aH31@v4 | |
| 701 | @a亚历山大@4编著 | |
| 701 | 0 | @a何其莘@4编著 |
| 801 | @aCN@bTSTC@c20070727 | |
| 905 | @b300307-316@dH31@e264:2=2@f10 | |
| 朗文·外研社新概念英语.2/(英)亚历山大,何其莘编著.-新版.-北京:外语教学与研究出版社;香港:朗文出版亚洲有限公司,1997 |
| 440页;26cm |
| ISBN 7-5600-1347-3:CNY29.90 |
| ● |
| 相关链接 |
|
|
|
|
正题名:朗文·外研社新概念英语
索取号:H31/264:2=2
 
预约/预借
| 序号 | 登录号 | 条形码 | 馆藏地/架位号 | 状态 | 备注 |
| 1 | 0300307 | 203003070 | 第四借阅区/ [索取号:H31/264:2=2] | 在馆 | |
| 2 | 0300308 | 203003089 | 第四借阅区/ [索取号:H31/264:2=2] | 在馆 | |
| 3 | 0300309 | 203003098 | 第四借阅区/ [索取号:H31/264:2=2] |
已借出,限还日期为2013.10.08 借出人:阚小庆 |
|
| 4 | 0300310 | 203003105 | 第四借阅区/ [索取号:H31/264:2=2] | 在馆 | |
| 5 | 0300311 | 203003114 | 第四借阅区/ [索取号:H31/264:2=2] | 在馆 | |
| 6 | 0300312 | 203003123 | 第四借阅区/ [索取号:H31/264:2=2] | 在馆 | |
| 7 | 0300313 | 203003132 | 第四借阅区/ [索取号:H31/264:2=2] | 在馆 | |
| 8 | 0300314 | 203003141 | 第四借阅区/ [索取号:H31/264:2=2] | 在馆 | |
| 9 | 0300315 | 203003150 | 第四借阅区/ [索取号:H31/264:2=2] | 在馆 | |
| 10 | 0300316 | 203003169 | 第四借阅区/ [索取号:H31/264:2=2] | 在馆 | |
| 11 | 0334962 | 203349625 | 第四借阅区/ [索取号:H31/264:2=2] | 在馆 | |
| 12 | 0386382 | 203863827 | 第四借阅区/ [索取号:H31/264:2=2] | 在馆 | |
| 13 | 0386383 | 203863836 | 第四借阅区/ [索取号:H31/264:2=2] | 在馆 | |
| 14 | 0386384 | 203863845 | 第四借阅区/ [索取号:H31/264:2=2] | 在馆 | |
| 15 | 0386385 | 203863854 | 第四借阅区/ [索取号:H31/264:2=2] | 在馆 | |
| 16 | 0386386 | 203863863 | 第四借阅区/ [索取号:H31/264:2=2] |
已借出,限还日期为2025.03.17 借出人:李晓英 |
|
| 17 | 0386387 | 203863872 | 第四借阅区/ [索取号:H31/264:2=2] | 在馆 | |
| 18 | 0386388 | 203863881 | 第四借阅区/ [索取号:H31/264:2=2] | 在馆 | |
| 19 | 0386389 | 203863890 | 第四借阅区/ [索取号:H31/264:2=2] | 在馆 | |
| 20 | 0386390 | 203863907 | 第四借阅区/ [索取号:H31/264:2=2] | 在馆 | |
| 21 | 0409193 | 204091936 | 密集书库/ [索取号:H31/264:2=2] | 在馆 | |
| 22 | 0409194 | 204091945 | 密集书库/ [索取号:H31/264:2=2] | 在馆 | |
| 23 | 0409195 | 204091954 | 密集书库/ [索取号:H31/264:2=2] | 在馆 | |
| 24 | 0409196 | 204091963 | 密集书库/ [索取号:H31/264:2=2] | 在馆 | |
| 25 | 0409197 | 204091972 | 密集书库/ [索取号:H31/264:2=2] | 在馆 | |
| 26 | 0409198 | 204091981 | 密集书库/ [索取号:H31/264:2=2] | 在馆 | |
| 27 | 0409199 | 204091990 | 密集书库/ [索取号:H31/264:2=2] | 在馆 | |
| 28 | 0409200 | 204092007 | 密集书库/ [索取号:H31/264:2=2] | 在馆 | |
| 29 | 0409201 | 204092016 | 密集书库/ [索取号:H31/264:2=2] | 在馆 | |
| 30 | 0499272 | 204992721 | 密集书库/ [索取号:H31/264:2=2] | 在馆 | |
| 31 | 0499273 | 204992730 | 密集书库/ [索取号:H31/264:2=2] | 在馆 | |
| 32 | 0651984 | 206519846 | 密集书库/ [索取号:H31/264:2=2] | 在馆 | |
| 33 | 0655389 | 206553898 | 第四借阅区/ [索取号:H31/264:2=2] |
已借出,限还日期为2020.06.03 借出人:彭贤智 |
|
| 34 | 0777689 | 207776897 | 密集书库/ [索取号:H31/264:2=2] | 在馆 | |
| 35 | 0783075 | 207830757 | 密集书库/ [索取号:H31/264:2=2] | 在馆 | |
| 36 | 0787983 | 207879839 | 密集书库/ [索取号:H31/264:2=2] | 在馆 |